000 00278cam a22000977a 4500
008 180718b1972 xxu||||| |||| 00| 0 eng d
082 _aL1x5433 P969/1969-72
245 _aPerformace budgets of selected departments
260 _aChandigarh
_bGovernment Press
_c1972
300 _a195p.
999 _c500538
_d500538